000
00222nam a2200085Ia 4500
008
120527s9999 xx 000 0 und d
100
_a
JOHNSON, G.B
245
_a
Student study guide to accompany the living World
942
_c
BK
999
_c
25588
_d
25588